| 000 | 00691nam a22002417a 4500 | ||
|---|---|---|---|
| 003 | 0 | ||
| 005 | 20180723182556.0 | ||
| 008 | 0 | ||
| 010 | _aB-217211 | ||
| 020 |
_a8181940210 _c300.00 |
||
| 035 | _aB-217211, B-217212 | ||
| 037 | _bCen Lib / Ret | ||
| 040 |
_aDPL _bEn _c0 |
||
| 082 |
_a351.86 _bJMJ |
||
| 245 |
_aCPWD works manual : _bupdated & corrected september 2006 / |
||
| 260 |
_aDelhi _bJ.M. Jaina & Brothers _c2006 |
||
| 270 |
_a3622, Mori Gate _bDelhi _e110006 |
||
| 300 |
_axx, A-136p _c27cm(PBK) |
||
| 650 | _aIndia. -- Central Public Works Department. | ||
| 650 | _aPublic works -- India. | ||
| 650 | _aPublic works. | ||
| 942 |
_2ddc _cEN _h351.86 _mJMJ |
||
| 999 |
_c136926 _d136926 |
||